| 000 | 00771nam a2200205 i 4500 | ||
|---|---|---|---|
| 001 | 102953 | ||
| 003 | ES-MaACL | ||
| 005 | 20240511063030.0 | ||
| 007 | t| | ||
| 008 | 051222s1920 sp ||||1| spa d | ||
| 080 | _a32(460)"19" | ||
| 100 | 1 |
_aPérez Bueno, Fernando, _d1877-1934 _990680 |
|
| 245 | 1 | 4 |
_aLas derechas de la tradición y del ideal _b: [séptima conferencia pronunciada en el Teatro del Centro de Madrid el día 17 de abril de 1920] / _cpor Fernando Pérez Bueno. |
| 260 |
_aMadrid : _bEl Debate, _c[1920] |
||
| 300 |
_a28 p. ; _c22 cm. |
||
| 500 | _aEn port.: Curso de Conferencias Sociales organizado por el Debate. | ||
| 650 | 1 | 4 |
_aPolítica- _zEspaña- _yS.XX. _916272 |
| 852 |
_aES-MaACL _j2200-F-1 _bR.136543 |
||
| 999 |
_c102953 _d102953 |
||